000 00537nam a2200217Ia 4500
005 20251020182546.0
008 200515s9999 xx 000 0 und d
082 _a747:728/G84D
110 _aOcéano
245 0 _aBiblioteca Atrium de la decoración : Teoría y principios básicos
260 _aBarcelona
260 _c1992
650 _aDECORACION
650 _aDISEÑO DE INTERIORES
650 _aILUMINACION
650 _aLIB
650 _aMOBILIARIO
650 _aPAVIMENTOS
650 _aREVESTIMIENTOS
942 _cLIB
999 _c2571
_d2571